Powiaty województwa lubuskiego - Quiz na mapie - Statystyki

Ogólne statystyki
  • Ten quiz został rozwiązany 1 796 razy
  • Średni wynik to 9 z 14
Odpowiedzi na mapie
Odpowiedzi zakodowano w zielono-czerwonej skali na mapie do tego quizu, zgodnie z poniższymi procentami.
 
Statystyki odpowiedzi
Odpowiedź % Poprawnych
Zielona Góra
93%
Gorzów Wielkopolski
92%
gorzowski
91%
zielonogórski
91%
słubicki
63%
świebodziński
63%
strzelecko-drezdenecki
59%
wschowski
59%
żarski
59%
nowosolski
58%
żagański
58%
międzyrzecki
56%
krośnieński
50%
sulęciński
49%
Nie znaleziono quizów pasujących do podanych kryteriów
Rozkład punktacji
Procent ludzi z każdym wynikiem
Percentyl według liczby udzielonych odpowiedzi
Twoja historia wyników
Nie rozwiązałeś tego quizu